Fill in the Blank - Musical Artists - Before and After - Statistics

General Stats
  • This quiz has been taken 554 times
  • The average score is 10 of 13
Answer Stats
Hint Answer % Correct
Elton ___ Lennon John
99%
George ___ Jackson Michael
97%
Fleetwood ___ MIller Mac
95%
James ___ Swift Taylor
95%
Soulja ___ George Boy
86%
Neil ___ Thug Young
86%
Iggy ___ Smoke Pop
84%
Etta ___ Brown James
77%
Travis ___ Weiland Scott
66%
Luke ___ Adams Bryan
63%
Toby ___ Richards Keith
56%
Bob ___ Carlson Dylan
49%
Steven ___ Joseph Tyler
42%
No matching quizzes found
Score Distribution
Percent of People with Each Score
Percentile by Number Answered
Your Score History
You have not taken this quiz